| 000 | 00553nam a22001817a 4500 | ||
|---|---|---|---|
| 005 | 20260313065006.0 | ||
| 008 | 260313b |||||||| |||| 00| 0 eng d | ||
| 020 | _a9781647825218 | ||
| 050 |
_aHF5549.5.R3 _b.H37 2023 |
||
| 245 | _aHBR's 10 must reads on performance management. | ||
| 260 |
_aBoston, Massachusetts : _bHarvard Business Review Press, _c2023 |
||
| 300 |
_a 179 pages ; _c21 cm |
||
| 500 | _a Includes index. | ||
| 650 | _aEmployees | ||
| 650 | _a Performance. | ||
| 650 | _a Goal setting in personnel management. | ||
| 942 |
_2lcc _cBK |
||
| 999 |
_c60251 _d60251 |
||